000
00314nam a22001337a 4500
008
170628b xxu||||| |||| 00| 0 eng d
020
_a
9780312301941
041
_a
eng
080
_a
94
100
_a
18
101
_a
SHH
245
_a
SECURITY POLICING YOUR HOMELAND HISTORY
_c
WHITMAN.E
942
_2
udc
_c
BK
999
_c
19421
_d
19421